000 00461nam a2200181Ia 4500
005 20250326141745.0
008 250326s9999 xx 000 0 und d
037 _aTextbook
040 _aFMSL
_beng
_cFMSL
041 _aeng
_2eng
084 _qFMSL
100 _aRay S K
245 0 _aEconomics of development
_cRay S K
260 _aNew Delhi
_bNew Delhi, Prentice-Hall of India
_c1988
300 _a452p
942 _cTB
999 _c1291825
_d1291825